Za silnou střední Evropu středoevropské hnutí mezi Budapeští, Vídní a Brnem v letech 1925-1939

Bibliographic Details
Main Author: Jeřábek, Miroslav, 1971- (Author)
Format: Book
Language:Czech
PhysicalDescription:302 s. ilustr., portréty, faksim. 21 cm
Published: Praha Dokořán 2008
ISBN:9788073631802
Edition:1. vyd.
Series:Bod
Subjects:

MARC

LEADER 00000nam a2200000 a 4500
001 vtls009188782
003 SK-MaSNL
005 20260429074607.0
008 240314s2008 xr hoacd n 001 0 cze
015 |a SNBZSA2009-00070 
020 |a 9788073631802  |q (viaz.) 
035 |a C1557213-2BB4-4E9E-8B56-CD65C95FDB3B 
035 |a urn:nbn:sk:snk-amlbhj 
035 |a urn:nbn:sk:snk-am00920d 
040 |a SNK  |b slo  |c SNK  |e AACR2 
041 0 |a cze 
043 |a e-cs---  |a e-au---  |a e-hu---  |a ec----- 
044 |a xr  |c CZ 
072 7 |a 327  |x Medzinárodné vzťahy, svetová politika  |2 konspekt 
080 |a [339.923+327](4)  |2 2001 
080 |a 327.39(4)  |2 2001 
080 |a 327  |2 2001 
080 |a 339.9  |2 2001 
080 |a (437)  |2 2001 
080 |a (436)  |2 2001 
080 |a (439)  |2 2001 
080 |a (4-191.2)  |2 2001 
080 |a (048.8)  |2 2001 
100 1 |a Jeřábek, Miroslav,  |d 1971-  |4 aut  |9 111786 
245 1 0 |a Za silnou střední Evropu  |b středoevropské hnutí mezi Budapeští, Vídní a Brnem v letech 1925-1939  |c Miroslav Jeřábek 
250 |a 1. vyd. 
260 |a Praha  |b Dokořán  |c 2008 
300 |a 302 s.  |b ilustr., portréty, faksim.  |c 21 cm 
490 1 |a Bod 
504 |a Bibliogr. Bibliogr. odkazy. Reg. 
600 1 7 |a Hantos, Elemér,  |d 1880-1942  |2 SVKPOMA  |9 647271 
648 7 |a 1925-1939  |2 SNKPH  |9 647272 
650 0 7 |a európska integrácia  |2 SNKPH  |9 2140 
650 0 7 |a paneuropeizmus  |2 SNKPH  |9 4800 
650 0 7 |a zahraničné vzťahy  |2 SNKPH  |9 3832 
650 0 7 |a hospodárske vzťahy  |2 SNKPH  |9 2283 
651 7 |a Československo  |2 SNKPHgeo  |9 21376 
651 7 |a Rakúsko  |2 SNKPHgeo  |9 18533 
651 7 |a Maďarsko  |2 SNKPHgeo  |9 16754 
651 7 |a Európa stredná  |2 SNKPHgeo  |9 23970 
655 7 |a monografie  |2 SNKPH  |9 70139 
830 0 |a Bod  |9 310144 
919 |a 978-80-7363-180-2 
958 |a ZS 
958 |a CZ 
958 |a AT 
958 |a HU 
958 |a NB 
999 |c 1000113  |d 1002043 
952 |a SNK  |b SNK  |y VYP  |7 0  |p 17A0613753  |o snkSC 132745 D1  |i snk2009/5539  |8 4  |g 12.55  |0 0  |1 0  |4 0  |d 2008-12-15  |l 0  |r 2026-02-24 12:16:55  |w 2026-02-24 
952 |a SNK  |b SNK  |y PREZ  |7 0  |p 17A0593405  |o snkSC 132745  |i snk2008/13991  |8 4  |g 12.88  |0 0  |1 0  |4 0  |d 2008-06-13  |f 1  |l 0  |r 2025-06-24 00:00:00  |w 2026-02-24